000 00429nam a2200181Ia 4500
001 12877
005 20260306163013.0
008 260306t2002||||xx |||||||||||||| ||spa||
041 _aESP
082 _aRD 423.61
_bA32
100 _aAguirre Rojas, Olinda
_eAUT
245 0 _aDiccionario de inglés técnico:
_bm.n.o.
260 _c2002
300 _a
_c24 cm.
650 _aGEN
654 _aCHU
942 _cDIC
_dJUS
_fJUS
_2ddc
_n
999 _c12877
_d12877